000
00257nam a2200109Ia 4500
005
20251222114345.0
008
251222s1900||||xx |||||||||||||| ||spa||
082
_a
DVD0070/T99/1998
245
0
_a
Corre Lola Corre
264
_b
X-Filme Creative Pool
942
_c
DVD
999
_c
998
_d
998